000 00793nam a2200253Ia 4500
003 OSt
005 20220918194744.0
006 a|||||r|||| 00| 0
007 ta
008 220917b |||||||| |||| 00| 0 eng d
024 _a81,388
037 _cTextual
040 _aARTS
_cARTS
_beng
041 _2eng
_aeng
082 _aS:682p1, N75, L5
110 _aSymposium on Dynamic Asplects of Speech Perception
_986872
245 0 _aProceedings
_b Structure and process in speech perception ed by a Cohen and S G Nooteboom
260 _aN York
_bSpringer Verlag
_c1975
300 _ax, 353p.
_ccm.
650 _aPSYCHOLOGY
700 _aSymposium on Dynamic Asplects of Speech Perception
_986873
942 _hS:682p1, N75, L5
_cTEXL
_2CC
999 _c205110
_d205110